Statistics for Weird Geography Facts: True or False (Part 3)

Click here to take the quiz!

General Stats

  • This quiz has been taken 172 times
    (170 since last reset)
  • The average score is 6 of 8

Answer Stats

QuestionAnswer% Correct
In a part of Norway the sun doesn't set April - AugustTrue
87%
The Mariana Trench is deeper than Mt. Everest is tallTrue
86%
Liechtenstein is the only country to be doubly landlocked (a landlocked country that only borders other landlocked countries)False
72%
The Transsiberian railway crosses almost 4,000 bridgesTrue
70%
The average area of cities in Alaska is around 80 square miles (207.199 square kilometers)True
68%
The Congo Rainforest has the largest percent of different species in the worldFalse
66%
Alaska has the majority of the USA's coastlineTrue
66%
There are no time zones in AntarcticaFalse
51%

Score Distribution

Percentile by Number Answered

Percent of People with Each Score

Your Score History

You have not taken this quiz since the last reset